000 01131nam0a22002891 4500
001 rc\713917
005 20250621223510.0
010 _a5-89329-017-8
_92000
035 _a(NLR Aleph) 005957495
090 _a6819220
_c6819220
100 _a20031121d1997 |||y0rusy50 ca
101 0 _arus
102 _aRU
105 _aa |||||||||
200 1 _aАстрономия
_fГигин
_gПер. с латин., [примеч.] и коммент. А.И. Рубана
_gВступ. ст. А.В. Петрова
210 _aСПб.
_cАлетейя
_d1997
215 _a220, [1] с., [1] л. карт.
_d17
225 1 _aСерия "Античная библиотека"
_iАнтичная история
320 _aБиблиогр. в примеч.: с. 133-195
320 _aУказ. астрон., мифол. имен, имен, геогр. назв.: с. 196-213
700 0 _aГигин Громатик
_cписатель, астроном
_fок. 2 в.
_9165818
_3RU\NLR\AUTH\770165865
801 0 _aRU
_bNLR
_gpsbo
801 1 _aRU
_bELAR
_2rusmarc
852 _aNLR
_j97-2/1804
942 _cBOOK
980 _aNB